000 00524nam a2200181Ia 4500
003 GCL
008 140319s9999 xx 000 0 ara d
040 _aGCL /
_cGCL
082 0 4 _a813.03
_bن س
100 1 _aنوال السعداوى
245 1 0 _aسقوط الامام /
_cنوال السعداوى
260 _a[S.N] :
_bدار المسيرة للنشر والتوزيع والطباعة ،
_c1987
300 _a142 ص
490 _a
650 0 4 _aمصر
650 0 4 _aالقصة العربية
942 _2ddc
_cBK
999 _c54289
_d54289